[Event "39. Rilton Cup 2009/2010"]
[Site "Stockholm SWE"]
[Date "2009.12.31"]
[Round "5.18"]
[White "Semcesen, Daniel"]
[Black "Kiuttu, Roope"]
[Result "1-0"]
[WhiteElo "2460"]
[BlackElo "2194"]
[PlyCount "75"]
[EventDate "2009.12.27"]
[EventType "swiss"]
[EventRounds "9"]
[EventCountry "SWE"]
[Source "lmi"]
[SourceDate "2009.12.27"]

1. c4 e6 2. Nf3 d5 3. d4 Nf6 4. Bg5 Be7 5. e3 h6 6. Bh4 O-O 7. Nc3 b6 8. Rb1
Nbd7 9. cxd5 Nxd5 10. Bg3 Bb7 11. Bd3 c5 12. O-O cxd4 13. exd4 Nxc3 14. bxc3
Rc8 15. c4 Nb8 16. Qe2 Bxf3 17. Qxf3 Qxd4 18. Rfd1 Kh8 19. Be2 Qc5 20. Qb7 Nc6
21. Rd7 Rfd8 22. Rbd1 Rxd7 23. Rxd7 Na5 24. Qxa7 Re8 25. Qc7 Qa3 26. h3 Qxa2
27. Bd3 Qa3 28. Qxb6 Kg8 29. Kh2 Qc5 30. Rxe7 Qxe7 31. Qxa5 e5 32. Be4 Rc8 33.
Bd5 h5 34. Qc3 Re8 35. h4 g5 36. hxg5 Qxg5 37. Qf3 Qg6 38. Bh4 1-0

[Event "39. Rilton Cup 2009/2010"]
[Site "Stockholm SWE"]
[Date "2009.12.31"]
[Round "5.22"]
[White "Vaarala, Eric"]
[Black "Nguyen, Michael"]
[Result "1/2-1/2"]
[WhiteElo "2032"]
[BlackElo "2187"]
[PlyCount "81"]
[EventDate "2009.12.27"]
[EventType "swiss"]
[EventRounds "9"]
[EventCountry "SWE"]
[Source "lmi"]
[SourceDate "2009.12.27"]

1. e4 c5 2. Nf3 Nc6 3. d4 cxd4 4. Nxd4 Nf6 5. Nc3 e5 6. Ndb5 d6 7. Bg5 a6 8.
Na3 b5 9. Nd5 Be7 10. Bxf6 Bxf6 11. c3 O-O 12. Nc2 Bg5 13. a4 bxa4 14. Rxa4 a5
15. Bc4 Rb8 16. b3 Kh8 17. Nce3 g6 18. h4 Bxh4 19. g3 Bg5 20. f4 exf4 21. gxf4
Bh4+ 22. Kd2 Ne7 23. Qg1 Nxd5 24. Nxd5 Be6 25. Qh2 Bxd5 26. Bxd5 g5 27. Kc2 h6
28. Qd2 Qf6 29. e5 dxe5 30. fxe5 Qf2 31. Qxf2 Bxf2 32. Rxh6+ Kg7 33. Rf6 Be3
34. Rxa5 Bf4 35. Rf5 Rbe8 36. Be4 Rd8 37. Rd5 Rxd5 38. Bxd5 Kg6 39. Rf6+ Kg7
40. Rf5 Kg6 41. Rf6+ 1/2-1/2

[Event "39. Rilton Cup 2009/2010"]
[Site "Stockholm SWE"]
[Date "2009.12.31"]
[Round "5.23"]
[White "Nithander, Victor"]
[Black "Logdahl, Harald"]
[Result "1-0"]
[WhiteElo "2434"]
[BlackElo "2214"]
[PlyCount "99"]
[EventDate "2009.12.27"]
[EventType "swiss"]
[EventRounds "9"]
[EventCountry "SWE"]
[Source "lmi"]
[SourceDate "2009.12.27"]

1. e4 Nf6 2. e5 Nd5 3. d4 d6 4. Nf3 Bg4 5. Be2 c6 6. c4 Nb6 7. Nbd2 N8d7 8. O-O
dxe5 9. Nxe5 Nxe5 10. dxe5 Bxe2 11. Qxe2 e6 12. Nf3 Qc7 13. Rd1 Nd7 14. Rb1 c5
15. Qe4 h6 16. a3 g5 17. b4 Bg7 18. Be3 O-O 19. bxc5 Nxe5 20. Nxe5 Bxe5 21.
Rxb7 Bxh2+ 22. Kf1 Qe5 23. Qxe5 Bxe5 24. Rdd7 Rac8 25. Rxa7 Bf4 26. Bd4 e5 27.
Bc3 e4 28. g3 Bb8 29. Ra6 f6 30. Rxf6 Rxf6 31. Bxf6 Rxc5 32. Rg7+ Kf8 33. Rb7
Bd6 34. Bg7+ Ke8 35. Bxh6 e3 36. fxe3 Bxg3 37. Ke2 Bd6 38. Kd3 g4 39. Rg7 g3
40. Rg6 Kd7 41. Bg7 Ra5 42. Bb2 Rf5 43. Bd4 Ra5 44. Ke4 Rxa3 45. c5 Bc7 46. c6+
Kd8 47. Rg8+ Ke7 48. Rg7+ Kd8 49. Bf6+ Ke8 50. Rxc7 1-0

[Event "39. Rilton Cup 2009/2010"]
[Site "Stockholm SWE"]
[Date "2009.12.31"]
[Round "5.24"]
[White "Gagarin, Vasilij"]
[Black "Mardell, Jimmy"]
[Result "1-0"]
[WhiteElo "2422"]
[BlackElo "2182"]
[PlyCount "57"]
[EventDate "2009.12.27"]
[EventType "swiss"]
[EventRounds "9"]
[EventCountry "SWE"]
[Source "lmi"]
[SourceDate "2009.12.27"]

1. d4 Nf6 2. c4 c5 3. d5 b5 4. cxb5 a6 5. b6 e6 6. Nc3 Nxd5 7. Nxd5 exd5 8.
Qxd5 Nc6 9. Nf3 Rb8 10. e4 Be7 11. Bc4 O-O 12. Bd2 Rxb6 13. O-O d6 14. Bc3 Be6
15. Qd3 Bxc4 16. Qxc4 Bf6 17. Rad1 Qe7 18. Rfe1 h6 19. b3 Re8 20. h3 a5 21. Rd2
Bxc3 22. Qxc3 Nb4 23. Rde2 Rc8 24. e5 d5 25. a3 Nc6 26. e6 Nd8 27. exf7+ Qxf7
28. Re8+ Kh7 29. Qd3+ 1-0

[Event "39. Rilton Cup 2009/2010"]
[Site "Stockholm SWE"]
[Date "2009.12.31"]
[Round "5.26"]
[White "Johansson, Gunnar"]
[Black "Pohjala, Henri"]
[Result "1/2-1/2"]
[WhiteElo "2234"]
[BlackElo "2153"]
[PlyCount "53"]
[EventDate "2009.12.27"]
[EventType "swiss"]
[EventRounds "9"]
[EventCountry "SWE"]
[Source "lmi"]
[SourceDate "2009.12.27"]

1. d4 d5 2. Nf3 Nf6 3. c4 c6 4. e3 a6 5. Bd3 e6 6. O-O Nbd7 7. Nbd2 c5 8. cxd5
Nxd5 9. Nb3 Nb4 10. Be2 Qc7 11. a3 Nc6 12. dxc5 Nxc5 13. Nxc5 Bxc5 14. b4 Bd6
15. Bb2 O-O 16. Bd3 Qe7 17. Qc2 h6 18. Rac1 Bd7 19. Rfd1 Rfd8 20. Qe2 Rac8 21.
h3 Bb8 22. Bb1 e5 23. Nd2 f5 24. Nb3 e4 25. Nc5 Ne5 26. Nxd7 Rxc1 27. Bxc1
1/2-1/2

[Event "39. Rilton Cup 2009/2010"]
[Site "Stockholm SWE"]
[Date "2009.12.31"]
[Round "5.27"]
[White "Jacobsen, Kovachev Daniel"]
[Black "Ask, Josef"]
[Result "0-1"]
[WhiteElo "2243"]
[BlackElo "2183"]
[PlyCount "100"]
[EventDate "2009.12.27"]
[EventType "swiss"]
[EventRounds "9"]
[EventCountry "SWE"]
[Source "lmi"]
[SourceDate "2009.12.27"]

1. e4 e5 2. Nf3 Nc6 3. Bb5 Nge7 4. O-O Ng6 5. d4 exd4 6. Nxd4 Bc5 7. Nb3 Bb6 8.
Nc3 a6 9. Bc4 O-O 10. Nd5 Ba7 11. Qh5 Kh8 12. Re1 d6 13. Bg5 f6 14. Be3 Nce5
15. Be2 c6 16. Bxa7 cxd5 17. Be3 dxe4 18. Rad1 Qc7 19. c4 b6 20. Rd4 f5 21.
Red1 f4 22. Bc1 f3 23. gxf3 exf3 24. Bf1 Be6 25. Rxd6 Bg4 26. Qg5 Nf7 27. Qxg4
Nxd6 28. Rd5 Rae8 29. Qg3 Re6 30. Bd2 Ne7 31. Rg5 Rg6 32. Rxg6 Nxg6 33. Bb4 Rf4
34. Bd3 Nxc4 35. Bxg6 hxg6 36. Qh3+ Kg8 37. Qe6+ Rf7 38. Nd4 Ne5 39. Bc3 Qe7
40. Qxe7 Rxe7 41. h3 b5 42. Kh2 Nd3 43. Kg3 b4 44. Bd2 Re4 45. Nc6 Rc4 46. Ne7+
Kf7 47. Nd5 a5 48. Ne3 Rd4 49. b3 Nxf2 50. Bxb4 Ne4+ 0-1

[Event "39. Rilton Cup 2009/2010"]
[Site "Stockholm SWE"]
[Date "2009.12.31"]
[Round "5.28"]
[White "Vovk, Oksana"]
[Black "Gromova, Iulia"]
[Result "1/2-1/2"]
[WhiteElo "2145"]
[BlackElo "2222"]
[PlyCount "50"]
[EventDate "2009.12.27"]
[EventType "swiss"]
[EventRounds "9"]
[EventCountry "SWE"]
[Source "lmi"]
[SourceDate "2009.12.27"]

1. d4 Nf6 2. c4 g6 3. g3 c6 4. Bg2 d5 5. Qa4 Nbd7 6. cxd5 Nb6 7. Qc2 cxd5 8.
Nc3 Bf5 9. Qb3 Bg7 10. Nf3 O-O 11. O-O Ne4 12. a4 a5 13. Rd1 Rc8 14. Nh4 Rc6
15. Nxf5 gxf5 16. Qb5 Rc4 17. Qxa5 Rxd4 18. Be3 Rxd1+ 19. Rxd1 Bxc3 20. Qxb6
Qxb6 21. Bxb6 Bxb2 22. Rxd5 Nc3 23. Rxf5 Nxa4 24. Rg5+ Kh8 25. Be3 Bf6 1/2-1/2

[Event "39. Rilton Cup 2009/2010"]
[Site "Stockholm SWE"]
[Date "2009.12.31"]
[Round "5.29"]
[White "Rosenkilde, Alexander"]
[Black "Evertsson, Lennart"]
[Result "0-1"]
[WhiteElo "2201"]
[BlackElo "2159"]
[PlyCount "144"]
[EventDate "2009.12.27"]
[EventType "swiss"]
[EventRounds "9"]
[EventCountry "SWE"]
[Source "lmi"]
[SourceDate "2009.12.27"]

1. d4 c5 2. d5 e6 3. e4 exd5 4. exd5 d6 5. Nf3 Nf6 6. Be2 Be7 7. O-O Nbd7 8.
Re1 O-O 9. Nc3 Re8 10. a4 Nf8 11. Nd2 Ng6 12. Nc4 b6 13. g3 Bf5 14. g4 Bc8 15.
f4 Bf8 16. h3 Ne4 17. Nxe4 Rxe4 18. Bd3 Rxe1+ 19. Qxe1 Bb7 20. Qe4 Qh4 21. Kg2
Ne7 22. Ne3 Re8 23. Qf3 Qe1 24. c4 Ng6 25. Bxg6 hxg6 26. Qf2 Qa5 27. Bd2 Qa6
28. b3 Ba8 29. Bc3 Qc8 30. f5 gxf5 31. Nxf5 Qd7 32. Rf1 a6 33. Qf4 Re2+ 34. Kg3
Qe8 35. Rf3 f6 36. Nxd6 Qd8 37. Nf5 Bb7 38. Re3 Ra2 39. Re6 b5 40. axb5 axb5
41. Nd6 Qc7 42. Nxb7 Rg2+ 43. Kxg2 Qxf4 44. d6 Qc1 45. Be1 Qd1 46. Bf2 Qd2 47.
cxb5 Kf7 48. Nxc5 Qd5+ 49. Kf1 Bxd6 50. Rxd6 Qxd6 51. b4 Qb6 52. Ne4 Qxb5+ 53.
Kg1 Qd3 54. Ng3 Qb1+ 55. Kh2 Qxb4 56. Nf5 g6 57. Ng3 Qb7 58. Kg1 Qf3 59. Be1 f5
60. gxf5 gxf5 61. h4 Qg4 62. Kf1 Qxh4 63. Bf2 Qc4+ 64. Kg2 Kg6 65. Nf1 f4 66.
Nh2 Kf5 67. Kg1 Qg8+ 68. Kf1 Ke4 69. Ke1 Qg2 70. Nf1 Kd3 71. Nd2 Qa8 72. Nb3
Qh1+ 0-1

[Event "39. Rilton Cup 2009/2010"]
[Site "Stockholm SWE"]
[Date "2009.12.31"]
[Round "5.30"]
[White "Bryntze, Stefan"]
[Black "Svensson, Leif"]
[Result "1-0"]
[WhiteElo "2073"]
[BlackElo "2195"]
[PlyCount "39"]
[EventDate "2009.12.27"]
[EventType "swiss"]
[EventRounds "9"]
[EventCountry "SWE"]
[Source "lmi"]
[SourceDate "2009.12.27"]

1. f4 e5 2. fxe5 d6 3. Nf3 dxe5 4. e4 Nf6 5. Bc4 Bc5 6. d3 Bg4 7. Bxf7+ Ke7 8.
Bb3 Nc6 9. Nc3 Nd4 10. Bg5 c6 11. Rf1 Rf8 12. Qd2 a5 13. Nxe5 Bh5 14. g4 Bd6
15. gxh5 Bxe5 16. h6 Nxb3 17. axb3 g6 18. O-O-O Qb6 19. d4 Rad8 20. Nd5+ 1-0

[Event "39. Rilton Cup 2009/2010"]
[Site "Stockholm SWE"]
[Date "2009.12.31"]
[Round "5.31"]
[White "Wiander, Michael"]
[Black "Grochowalski, Pawel"]
[Result "1/2-1/2"]
[WhiteElo "2195"]
[BlackElo "2072"]
[PlyCount "23"]
[EventDate "2009.12.27"]
[EventType "swiss"]
[EventRounds "9"]
[EventCountry "SWE"]
[Source "lmi"]
[SourceDate "2009.12.27"]

1. e4 c6 2. d4 d5 3. f3 dxe4 4. fxe4 e5 5. Nf3 Bg4 6. Bc4 Nd7 7. O-O Ngf6 8. c3
Bd6 9. Qb3 O-O 10. Bg5 Qc7 11. Nbd2 b5 12. Be2 1/2-1/2

[Event "39. Rilton Cup 2009/2010"]
[Site "Stockholm SWE"]
[Date "2009.12.31"]
[Round "5.32"]
[White "Koskela, Niina"]
[Black "Lokander, Martin"]
[Result "1-0"]
[WhiteElo "2189"]
[BlackElo "1820"]
[PlyCount "47"]
[EventDate "2009.12.27"]
[EventType "swiss"]
[EventRounds "9"]
[EventCountry "SWE"]
[Source "lmi"]
[SourceDate "2009.12.27"]

1. e4 c6 2. d3 d5 3. Nd2 e5 4. Ngf3 Bd6 5. d4 exd4 6. exd5 cxd5 7. Nxd4 Nc6 8.
N2f3 Nge7 9. Be2 O-O 10. O-O h6 11. c3 Nf5 12. Re1 Re8 13. Nxf5 Bxf5 14. Be3
Qd7 15. Qd2 Rad8 16. Rad1 Qe7 17. b4 Bb8 18. Nd4 Be4 19. g3 Ne5 20. f3 Bg6 21.
Bb5 Rf8 22. f4 Ng4 23. f5 Bh7 24. Bxh6 1-0

[Event "39. Rilton Cup 2009/2010"]
[Site "Stockholm SWE"]
[Date "2009.12.31"]
[Round "5.33"]
[White "Hobber, Anders"]
[Black "Adahl, Mattias"]
[Result "1/2-1/2"]
[WhiteElo "2132"]
[BlackElo "2133"]
[PlyCount "27"]
[EventDate "2009.12.27"]
[EventType "swiss"]
[EventRounds "9"]
[EventCountry "SWE"]
[Source "lmi"]
[SourceDate "2009.12.27"]

1. d4 d5 2. Nf3 Nf6 3. c4 e6 4. e3 a6 5. Bd3 g6 6. O-O Bg7 7. Nbd2 Nbd7 8. b3
O-O 9. Bb2 Re8 10. Qc2 e5 11. Nxe5 Nxe5 12. dxe5 Ng4 13. Nf3 Nxe5 14. Nxe5
1/2-1/2

[Event "39. Rilton Cup 2009/2010"]
[Site "Stockholm SWE"]
[Date "2010.01.02"]
[Round "6.1"]
[White "Shimanov, Aleksandr"]
[Black "Rozentalis, Eduardas"]
[Result "1/2-1/2"]
[WhiteElo "2535"]
[BlackElo "2611"]
[PlyCount "47"]
[EventDate "2009.12.27"]
[EventType "swiss"]
[EventRounds "9"]
[EventCountry "SWE"]
[Source "lmi"]
[SourceDate "2009.12.27"]

1. d4 Nf6 2. c4 e6 3. Nf3 Bb4+ 4. Nbd2 c5 5. a3 Bxd2+ 6. Bxd2 cxd4 7. Nxd4 d5
8. cxd5 Qxd5 9. Nf3 Nc6 10. Bc3 O-O 11. Bxf6 Qxd1+ 12. Rxd1 gxf6 13. e3 Rd8 14.
Rxd8+ Nxd8 15. Bb5 a6 16. Bd3 Bd7 17. Ke2 Rc8 18. Rd1 Ba4 19. Rg1 h6 20. g4 Nc6
21. Rb1 Ne5 22. Nxe5 fxe5 23. Rg1 Bc2 24. f3 1/2-1/2

[Event "39. Rilton Cup 2009/2010"]
[Site "Stockholm SWE"]
[Date "2010.01.02"]
[Round "6.3"]
[White "Gleizerov, Evgeny"]
[Black "Ponkratov, Pavel"]
[Result "1/2-1/2"]
[WhiteElo "2566"]
[BlackElo "2575"]
[PlyCount "28"]
[EventDate "2009.12.27"]
[EventType "swiss"]
[EventRounds "9"]
[EventCountry "SWE"]
[Source "lmi"]
[SourceDate "2009.12.27"]

1. d4 Nf6 2. c4 c5 3. d5 b5 4. cxb5 a6 5. b6 e6 6. Nc3 exd5 7. Nxd5 Nxd5 8.
Qxd5 Nc6 9. Bg5 Qxb6 10. Qe4+ Be7 11. Bxe7 Nxe7 12. Qxa8 Qxb2 13. Rd1 Qc3+ 14.
Rd2 Qa1+ 1/2-1/2

[Event "39. Rilton Cup 2009/2010"]
[Site "Stockholm SWE"]
[Date "2010.01.02"]
[Round "6.4"]
[White "Mcshane, Luke J"]
[Black "Yuneev, Alexey"]
[Result "1-0"]
[WhiteElo "2615"]
[BlackElo "2428"]
[PlyCount "161"]
[EventDate "2009.12.27"]
[EventType "swiss"]
[EventRounds "9"]
[EventCountry "SWE"]
[Source "lmi"]
[SourceDate "2009.12.27"]

1. e4 c5 2. Nf3 d6 3. Nc3 Nc6 4. d4 cxd4 5. Nxd4 e6 6. g4 d5 7. Bb5 Nge7 8.
exd5 exd5 9. Qe2 Qd6 10. Be3 h5 11. gxh5 Be6 12. O-O-O O-O-O 13. Ne4 Qe5 14.
Nxe6 Qxe6 15. Nc5 Qf5 16. Rhg1 Qxh5 17. Qd3 d4 18. Rg5 Qf3 19. Bd2 Qxd3 20.
Nxd3 Rxh2 21. Bc4 g6 22. Bxf7 Bh6 23. Rg4 Bxd2+ 24. Rxd2 Rd6 25. b4 Rh5 26. Re2
a5 27. a3 axb4 28. axb4 Rf6 29. Bb3 Nd5 30. Re8+ Kd7 31. Re1 Nc3 32. Kb2 b6 33.
Reg1 Rh6 34. Rg5 Ne4 35. R5g2 Kd6 36. Bc4 Nd2 37. Bb5 Nf3 38. Rd1 Nce5 39. Kb3
Nxd3 40. cxd3 Rh5 41. Ba6 Ne5 42. Bb7 Rh7 43. Be4 Rc7 44. Ka4 Rc2 45. Kb5 Rcxf2
46. Rg5 Rb2 47. Ra1 Nf7 48. Rxg6 Rxg6 49. Bxg6 Ne5 50. Be4 Rb3 51. Rh1 Nxd3 52.
Kc4 Rxb4+ 53. Kxd3 Ke5 54. Rh5+ Kd6 55. Rg5 Ke6 56. Bd5+ Kd6 57. Bc4 Kc6 58.
Rg6+ Kc5 59. Rg8 Kc6 60. Rg5 Kd6 61. Bg8 Kc6 62. Ke4 Kd6 63. Rg3 Kc5 64. Rg6
Ra4 65. Rg5+ Kc6 66. Bf7 Rb4 67. Bh5 Kd6 68. Be2 Kc6 69. Bd3 Kd6 70. Rg8 Kc6
71. Ke5 Ra4 72. Rc8+ Kb7 73. Rc1 Rb4 74. Kd6 Rb3 75. Rc7+ Kb8 76. Be4 Rh3 77.
Rg7 Rh6+ 78. Kd7 Rh8 79. Kc6 Re8 80. Kxb6 d3 81. Bc6 1-0

[Event "39. Rilton Cup 2009/2010"]
[Site "Stockholm SWE"]
[Date "2010.01.02"]
[Round "6.5"]
[White "Miezis, Normunds"]
[Black "Popov, Valerij"]
[Result "0-1"]
[WhiteElo "2530"]
[BlackElo "2588"]
[PlyCount "80"]
[EventDate "2009.12.27"]
[EventType "swiss"]
[EventRounds "9"]
[EventCountry "SWE"]
[Source "lmi"]
[SourceDate "2009.12.27"]

1. c4 e5 2. Nc3 Bb4 3. g3 Bxc3 4. dxc3 d6 5. e4 Nc6 6. Nf3 h6 7. Nh4 Nge7 8.
Qh5 g6 9. Qe2 Be6 10. h3 Qd7 11. Bg2 a5 12. b3 a4 13. b4 Na7 14. f4 Qc6 15. c5
dxc5 16. Be3 O-O-O 17. bxc5 g5 18. Nf3 exf4 19. Bd4 fxg3 20. Bxh8 Rxh8 21. Qe3
Ng6 22. O-O Nb5 23. Rfe1 Rd8 24. Nd4 Qxc5 25. Nxe6 Qxe3+ 26. Rxe3 fxe6 27. Bf1
Na3 28. Rxg3 Ne5 29. Rc1 b5 30. Rg2 Kb7 31. Be2 Kb6 32. Rf2 Ng6 33. Rd1 Rxd1+
34. Bxd1 Nf4 35. Kh2 Nb1 36. Rc2 Kc5 37. c4 b4 38. Bg4 Nc3 39. a3 b3 40. Rxc3
b2 0-1

[Event "39. Rilton Cup 2009/2010"]
[Site "Stockholm SWE"]
[Date "2010.01.02"]
[Round "6.6"]
[White "Richter, Michael"]
[Black "Ionov, Sergey"]
[Result "0-1"]
[WhiteElo "2412"]
[BlackElo "2545"]
[PlyCount "86"]
[EventDate "2009.12.27"]
[EventType "swiss"]
[EventRounds "9"]
[EventCountry "SWE"]
[Source "lmi"]
[SourceDate "2009.12.27"]

1. d4 d5 2. c4 dxc4 3. Nf3 Nf6 4. e3 e6 5. Bxc4 c5 6. O-O a6 7. dxc5 Bxc5 8.
Qxd8+ Kxd8 9. Nbd2 Ke7 10. Be2 Bd7 11. b4 Bxb4 12. Rb1 Nc6 13. Nc4 b5 14. Nb6
Rab8 15. Nxd7 Nxd7 16. Bb2 f6 17. Rfc1 Rhc8 18. a4 Bd6 19. axb5 axb5 20. Bxb5
Rxb5 21. Bxf6+ Nxf6 22. Rxb5 Rc7 23. h3 Nd8 24. Rxc7+ Bxc7 25. Nd4 Nd7 26. Rb1
Bb6 27. Nf3 Nf7 28. Nd2 Nd6 29. Rc1 Ne5 30. Ra1 Nec4 31. Nxc4 Nxc4 32. Ra4 Ne5
33. Ra6 Nd7 34. Ra1 h6 35. Rb1 Bc7 36. Rb7 Bb6 37. g4 Kd6 38. g5 hxg5 39. Kg2
Kc6 40. Rxb6+ Kxb6 41. Kg3 Nf6 42. f4 gxf4+ 43. Kxf4 Nd7 0-1

[Event "39. Rilton Cup 2009/2010"]
[Site "Stockholm SWE"]
[Date "2010.01.02"]
[Round "6.7"]
[White "Grandelius, Nils"]
[Black "De Verdier, Michael"]
[Result "1-0"]
[WhiteElo "2540"]
[BlackElo "2270"]
[PlyCount "96"]
[EventDate "2009.12.27"]
[EventType "swiss"]
[EventRounds "9"]
[EventCountry "SWE"]
[Source "lmi"]
[SourceDate "2009.12.27"]

1. e4 c5 2. Nf3 e6 3. Nc3 Nc6 4. Bb5 Nd4 5. O-O Nxb5 6. Nxb5 d6 7. d4 a6 8. Nc3
cxd4 9. Qxd4 Nf6 10. Rd1 Be7 11. e5 dxe5 12. Qxe5 Bd7 13. Qg3 Qc8 14. Ne5 Kf8
15. Ne2 Be8 16. Qd3 Qc5 17. Bf4 Nd5 18. Bg3 f6 19. c4 Nb6 20. b4 Qc8 21. Qd4
Na4 22. Nd3 Qd7 23. Qe3 Rd8 24. h3 Qc8 25. Rac1 Bf7 26. Kh2 Kg8 27. Nef4 Bd6
28. Re1 Re8 29. a3 Bb8 30. Red1 g5 31. Ne2 h5 32. Bxb8 Qxb8+ 33. f4 Rh7 34. Kg1
Rg7 35. fxg5 Rxg5 36. Rf1 Kg7 37. Rf2 Rg8 38. Rcf1 Kh7 39. Ne1 f5 40. Nf3 R5g7
41. Nf4 Qd6 42. Re1 Rg3 43. c5 Qc6 44. Nxe6 Bxe6 45. Qxe6 Qxe6 46. Rxe6 Nc3 47.
Nh4 Rxh3 48. Nxf5 Nd5 1-0

[Event "39. Rilton Cup 2009/2010"]
[Site "Stockholm SWE"]
[Date "2010.01.02"]
[Round "6.8"]
[White "Ulibin, Mikhail"]
[Black "Ivanov, Sergey"]
[Result "0-1"]
[WhiteElo "2548"]
[BlackElo "2530"]
[PlyCount "50"]
[EventDate "2009.12.27"]
[EventType "swiss"]
[EventRounds "9"]
[EventCountry "SWE"]
[Source "lmi"]
[SourceDate "2009.12.27"]

1. e4 c5 2. Nf3 e6 3. c4 Nc6 4. Nc3 Nf6 5. Be2 d5 6. exd5 exd5 7. d4 Be6 8.
cxd5 Nxd5 9. Bb5 Be7 10. Ne5 Rc8 11. O-O O-O 12. Nxc6 bxc6 13. Ba6 Rb8 14. Nxd5
Bxd5 15. dxc5 Bxc5 16. Bd3 Qh4 17. Be2 Rfe8 18. Qd3 Re6 19. g3 Qh3 20. Bf3 Rxb2
21. Bf4 Ree2 22. Bxd5 Bxf2+ 23. Rxf2 Rxf2 24. Bxf7+ Kxf7 25. Qc4+ Qe6 0-1

[Event "39. Rilton Cup 2009/2010"]
[Site "Stockholm SWE"]
[Date "2010.01.02"]
[Round "6.9"]
[White "Cramling, Pia"]
[Black "Semcesen, Daniel"]
[Result "1/2-1/2"]
[WhiteElo "2525"]
[BlackElo "2460"]
[PlyCount "135"]
[EventDate "2009.12.27"]
[EventType "swiss"]
[EventRounds "9"]
[EventCountry "SWE"]
[Source "lmi"]
[SourceDate "2009.12.27"]

1. d4 d5 2. Nf3 Nf6 3. c4 e6 4. Nc3 Be7 5. Bg5 O-O 6. e3 h6 7. Bxf6 Bxf6 8. Rc1
c6 9. Bd3 dxc4 10. Bxc4 Nd7 11. O-O e5 12. Bb3 exd4 13. exd4 Re8 14. Re1 Rxe1+
15. Qxe1 Nf8 16. Ne4 Be7 17. Qe3 Be6 18. Ne5 Qb6 19. Nc5 Bxb3 20. axb3 Qc7 21.
b4 Rd8 22. g3 Rd5 23. Re1 Bxc5 24. dxc5 a5 25. Nc4 axb4 26. Nb6 Rd8 27. Qb3 Ne6
28. Qxb4 Qe7 29. Na4 Qf6 30. Re3 Rd4 31. Qa5 Qf5 32. Nc3 Ng5 33. f4 Ne6 34. Re5
Qc2 35. Re2 Rd2 36. Rxd2 Qxd2 37. Qa8+ Kh7 38. Qxb7 Nd4 39. Qxf7 Nf3+ 40. Kf1
Nxh2+ 41. Kg1 Nf3+ 42. Kf1 Nh2+ 43. Kg1 Nf3+ 44. Kf1 Qc1+ 45. Kf2 Qxb2+ 46.
Kxf3 Qxc3+ 47. Kg4 Qxc5 48. f5 Qd6 49. Kh3 Qf6 50. Qd7 c5 51. Qd5 Qd4 52. Qe6
Qf6 53. Qd5 Qe7 54. Qd3 Kg8 55. Qd5+ Kf8 56. Kg4 Qe2+ 57. Kh3 c4 58. Qc5+ Kf7
59. g4 Qf3+ 60. Kh4 c3 61. Qc4+ Kf8 62. Qc8+ Kf7 63. Qd7+ Kg8 64. Qe8+ Kh7 65.
Qg6+ Kg8 66. Qe8+ Kh7 67. Qg6+ Kg8 68. Qe8+ 1/2-1/2

[Event "39. Rilton Cup 2009/2010"]
[Site "Stockholm SWE"]
[Date "2010.01.02"]
[Round "6.10"]
[White "Bellon Lopez, Juan Manuel"]
[Black "Handke, Florian"]
[Result "1/2-1/2"]
[WhiteElo "2435"]
[BlackElo "2513"]
[PlyCount "38"]
[EventDate "2009.12.27"]
[EventType "swiss"]
[EventRounds "9"]
[EventCountry "SWE"]
[Source "lmi"]
[SourceDate "2009.12.27"]

1. d4 d5 2. c4 c6 3. Nf3 Nf6 4. Nc3 dxc4 5. a4 Bf5 6. Ne5 Nbd7 7. Nxc4 Nb6 8.
Ne3 e6 9. Nxf5 exf5 10. g3 Nbd5 11. Bg2 Bb4 12. Qd3 O-O 13. O-O Re8 14. Nxd5
Nxd5 15. Qb3 a5 16. Bxd5 Qxd5 17. Qxd5 cxd5 18. Be3 Rac8 19. Rfc1 Kf8 1/2-1/2

[Event "39. Rilton Cup 2009/2010"]
[Site "Stockholm SWE"]
[Date "2010.01.02"]
[Round "6.11"]
[White "Lauber, Arnd"]
[Black "Gorovykh, Eduard"]
[Result "1/2-1/2"]
[WhiteElo "2503"]
[BlackElo "2410"]
[PlyCount "115"]
[EventDate "2009.12.27"]
[EventType "swiss"]
[EventRounds "9"]
[EventCountry "SWE"]
[Source "lmi"]
[SourceDate "2009.12.27"]

1. d4 Nf6 2. c4 g6 3. Nc3 Bg7 4. e4 d6 5. Nf3 O-O 6. Be2 e5 7. O-O Nc6 8. d5
Ne7 9. Ne1 Nd7 10. Be3 f5 11. f3 f4 12. Bf2 g5 13. a4 a5 14. Nd3 b6 15. b4 axb4
16. Nxb4 Nf6 17. Be1 h5 18. h3 Kf7 19. Nd3 g4 20. fxg4 hxg4 21. hxg4 Rh8 22. g5
Nh7 23. Bh5+ Kg8 24. g3 Nxg5 25. gxf4 Nh3+ 26. Kg2 exf4 27. Nxf4 Nxf4+ 28. Rxf4
Ng6 29. Bxg6 Qg5+ 30. Bg3 Qxg6 31. Qf3 Bh3+ 32. Kf2 Be5 33. Rh1 Qg7 34. Ne2
Bxf4 35. Bxf4 Bg4 36. Rxh8+ Kxh8 37. Qg3 Bxe2 38. Qh4+ Qh7 39. Qxh7+ Kxh7 40.
Kxe2 Kg6 41. Kd3 Rxa4 42. e5 b5 43. exd6 cxd6 44. Bxd6 Rxc4 45. Ba3 Kf6 46.
Bb2+ Ke7 47. Ba3+ Kd7 48. Bf8 Kc7 49. Ba3 Kb6 50. Be7 Rc8 51. Kd4 Rc1 52. Bd8+
Ka6 53. Be7 Rc7 54. d6 Rb7 55. Kc5 b4 56. Kc6 b3 57. Bf6 Rf7 58. Be7 1/2-1/2

[Event "39. Rilton Cup 2009/2010"]
[Site "Stockholm SWE"]
[Date "2010.01.02"]
[Round "6.12"]
[White "Molchanova, Tatjana"]
[Black "Karlsson, Lars"]
[Result "1/2-1/2"]
[WhiteElo "2368"]
[BlackElo "2491"]
[PlyCount "101"]
[EventDate "2009.12.27"]
[EventType "swiss"]
[EventRounds "9"]
[EventCountry "SWE"]
[Source "lmi"]
[SourceDate "2009.12.27"]

1. d4 d6 2. g3 g6 3. Bg2 Bg7 4. Nf3 Nf6 5. O-O O-O 6. c4 Nc6 7. Nc3 Bg4 8. h3
Bxf3 9. Bxf3 Nd7 10. e3 e5 11. Ne2 Qf6 12. Kg2 Qe7 13. Kh2 e4 14. Bg2 f5 15.
Bd2 Nf6 16. Nc3 h5 17. f3 exf3 18. Qxf3 Bh6 19. Nd5 Nxd5 20. Qxd5+ Kh7 21. Rae1
Nd8 22. Qf3 Ne6 23. h4 c6 24. Bc3 Rae8 25. b4 Nc7 26. e4 fxe4 27. Rxe4 Qxe4 28.
Qxe4 Rxe4 29. Rxf8 Rxh4+ 30. gxh4 Bxf8 31. Be1 Bg7 32. Bg3 Bxd4 33. Bxd6 Ne8
34. Bb8 a6 35. Bh3 Bc3 36. Bd7 Nf6 37. Bc8 b5 38. Bxa6 bxc4 39. b5 cxb5 40.
Bxb5 Be5+ 41. Bxe5 Ng4+ 42. Kg3 Nxe5 43. Kf4 c3 44. Ba4 Nc4 45. Ke4 Kh6 46. Kd4
Nb6 47. Bb3 g5 48. hxg5+ Kxg5 49. Kxc3 h4 50. Be6 Kf6 51. Bh3 1/2-1/2

[Event "39. Rilton Cup 2009/2010"]
[Site "Stockholm SWE"]
[Date "2010.01.02"]
[Round "6.14"]
[White "Jacobsen, Bo"]
[Black "Brynell, Stellan"]
[Result "0-1"]
[WhiteElo "2306"]
[BlackElo "2472"]
[PlyCount "68"]
[EventDate "2009.12.27"]
[EventType "swiss"]
[EventRounds "9"]
[EventCountry "SWE"]
[Source "lmi"]
[SourceDate "2009.12.27"]

1. c4 Nf6 2. Nc3 e5 3. Nf3 Nc6 4. g3 Bb4 5. Nd5 Bc5 6. d3 h6 7. Bg2 O-O 8. O-O
d6 9. e3 Bg4 10. Qc2 a6 11. Bd2 Ba7 12. Rac1 Rc8 13. h3 Be6 14. Qb3 Rb8 15. Kh2
Nd7 16. Qa3 Nf6 17. Nxf6+ Qxf6 18. b4 Ra8 19. Qb2 Bf5 20. Qc3 Rac8 21. a4 Rfe8
22. b5 Nd8 23. Nh4 Bd7 24. bxa6 bxa6 25. Qa5 Bb6 26. Qxa6 Ne6 27. Bb4 g5 28.
Bb7 gxh4 29. Bxc8 Bxc8 30. Qb5 Rd8 31. a5 Ba7 32. g4 Ng5 33. f4 exf4 34. exf4
Qb2+ 0-1